Przystanki linii autobusowej 110 Warszawa - Statystyki

Ogólne statystyki
  • Ten quiz został rozwiązany 10 razy
  • Średni wynik to 24 z 31
Statystyki odpowiedzi
Ulica NŻ? 1-kierunkowy? Odpowiedź % Poprawnych
Wólczyńska Nie Nie Aspekt
100%
Żeromskiego Nie Nie Bielany-Ratusz
100%
Wólczyńska Nie Nie Bogusławskiego
100%
Dziekanowska Nie Nie Cm. Północny-Brama Zach.
100%
Wólczyńska Nie Nie Cm. Wawrzyszewski
100%
Włościańska Nie Nie Metro Marymont
100%
Włościańska Nie Tak Metro Marymont
100%
Żeromskiego Nie Nie Metro Słodowiec
100%
Słowackiego Tak Nie Park Kaskada
100%
Wólczyńska Nie Nie Popiela
100%
Żeromskiego, Wólczyńska Nie Nie Andersena
86%
Brukowa Nie Nie CH Łomianki
86%
Estrady Nie Nie Estrady
86%
Żeromskiego Nie Nie Perzyńskiego
86%
Trenów Tak Nie Trenów
86%
Trenów Tak Nie Trenów-Las
86%
Estrady Tak Nie Energetyczna
71%
Arkuszowa Nie Nie Mościska
71%
Żeromskiego Nie Tak Przybyszewskiego
71%
Arkuszowa Tak Nie Radiowo
71%
Estrady Nie Nie Wólka Węglowa
71%
Estrady Tak Nie Akcent
57%
Arkuszowa Tak Nie Chabrowa
57%
Arkuszowa Tak Nie Księżycowa
57%
Brukowa Tak Nie Pancerz
57%
Arkuszowa Tak Nie Radiowo-Bocznica
57%
Wólczyńska Tak Nie Tytułowa
57%
Dziekanowska Tak Nie Widokowa
57%
Dziekanowska Tak Nie Widokowa
57%
Trenów, Partyzantów Tak Nie Kampinoska
43%
Partyzantów Tak Nie Młocińska
43%
Nie znaleziono quizów pasujących do podanych kryteriów
Rozkład punktacji
Procent ludzi z każdym wynikiem
Percentyl według liczby udzielonych odpowiedzi
Twoja historia wyników
Nie rozwiązałeś tego quizu